Phương pháp giải bài tập hiđrocacbon
Cuốn sách "Phương pháp giải bài tập Hiđrocacbon" được biên soạn nhằm cung cấp cho các em học sinh những kiến thức mới, cập nhật, đáp ứng kịp thời phương thức ra đề thi tuyển sinh của các trường đại học....
Uloženo v:
| Hlavní autor: | |
|---|---|
| Médium: | Kniha |
| Jazyk: | Undetermined |
| Vydáno: |
Hà Nội
Giáo dục
2009
|
| Témata: | |
| Tagy: |
Přidat tag
Žádné tagy, Buďte první, kdo otaguje tento záznam!
|
| Thư viện lưu trữ: | Trung tâm Học liệu Trường Đại học Cần Thơ |
|---|
| LEADER | 00947nam a2200217Ia 4500 | ||
|---|---|---|---|
| 001 | CTU_183854 | ||
| 008 | 210402s9999 xx 000 0 und d | ||
| 020 | |c 32000 | ||
| 082 | |a 540.76 | ||
| 082 | |b B312 | ||
| 100 | |a Phạm, Đức Bình | ||
| 245 | 0 | |a Phương pháp giải bài tập hiđrocacbon | |
| 245 | 0 | |c Phạm Đức Bình | |
| 260 | |a Hà Nội | ||
| 260 | |b Giáo dục | ||
| 260 | |c 2009 | ||
| 520 | |a Cuốn sách "Phương pháp giải bài tập Hiđrocacbon" được biên soạn nhằm cung cấp cho các em học sinh những kiến thức mới, cập nhật, đáp ứng kịp thời phương thức ra đề thi tuyển sinh của các trường đại học. | ||
| 650 | |a Chemistry,Hóa học | ||
| 650 | |x Study and teaching (Secondary),Dạy và học (Trung học) | ||
| 904 | |i Hải | ||
| 980 | |a Trung tâm Học liệu Trường Đại học Cần Thơ | ||